| 000 | 00867nam a2200229 i 4500 | ||
|---|---|---|---|
| 001 | 96234 | ||
| 003 | ES-MaACL | ||
| 005 | 20251030135031.0 | ||
| 007 | t| | ||
| 008 | 050614s1910 fr af |||| | fre d | ||
| 100 | 1 |
_aMaeterlinck, Louis. _975417 |
|
| 245 | 1 | 3 |
_aLe genre satirique fantastique et licencieux dans la sculpture flamande et wallonne _b: les miséricordes de stalles (art et folklore) / _cLouis Maeterlinck. |
| 260 |
_aParis : _bJ. Schemit, _c1910 ( _fImp. Centrale de l'Ouest) |
||
| 300 |
_aIV, 380 p., 8 lám. : _bil. ; _c25 cm. |
||
| 530 | _aDisponible en formato digital. | ||
| 650 | 7 |
_aEscultura flamenca _2embne _9150512 |
|
| 650 | 4 |
_aSillerías de coro. _9150513 |
|
| 852 |
_aES-MaACL _jF-9692 _cSPP2 |
||
| 856 | 4 |
_uhttp://archive.org/details/legenresatirique00maetuoft _yInternet Archive |
|
| 942 | _2udc | ||
| 999 |
_c96234 _d96234 |
||